Sistema constructivo modular para casas rurales
Guardado en:
| Hovedforfatter: | |
|---|---|
| Format: | Bog |
| Udgivet: |
[San José , Costa Rica]
1973
|
| Fag: | |
| Tags: |
Tilføj Tag
Ingen Tags, Vær først til at tagge denne postø!
|
MARC
| LEADER | 00000nam a2200000Ia 4500 | ||
|---|---|---|---|
| 003 | PIE023 | ||
| 005 | 20221231143848.0 | ||
| 008 | 140116s1973 c a m 000 ||s d | ||
| 040 | |c cru CEDI | ||
| 090 | |a PIE 23 | ||
| 100 | |a Bonilla S, Marco Antonio |9 18293 | ||
| 245 | |a Sistema constructivo modular para casas rurales | ||
| 260 | |c 1973 |a [San José , Costa Rica] | ||
| 300 | |a 37 hojas ; ilustraciones | ||
| 500 | |a A la cabeza de la portada. Universidad de Costa Rica. Facultad de Ingeniería. Departamento de Ingeniería Eléctrica, Mecánica e Industrial. | ||
| 650 | |a CONSTRUCCION |9 18294 | ||
| 942 | |c PIE | ||
| 999 | |c 13406 |d 13406 | ||
